| 000 | 01025nam a22002897a 4500 | ||
|---|---|---|---|
| 999 |
_c12468 _d12468 |
||
| 003 | EG-ScBUE | ||
| 005 | 20210214114350.0 | ||
| 008 | 090729s2003 ua f 000 f ara d | ||
| 017 | _a2003/13726 | ||
| 020 | _a9770187143 | ||
| 040 |
_aEG-ScBUE _bara _erda _cEG-ScBUE _dEG-ScBUE |
||
| 082 | 0 | 4 |
_a892.786 _bذ هـ ن _222 |
| 100 | 1 |
_aذهني، سهام، _eمؤلف. |
|
| 245 | 1 | 0 |
_aبالنشوى قلبي ارتوى / _cسهام ذهني. |
| 246 | 3 | 4 |
_aبالنشوى قلبي ارتوى : _bرواية |
| 264 | 1 |
_aالقاهرة : _bالهيئة المصرية العامة للكتاب، _c2003. |
|
| 300 |
_a187 صفحة ؛ _c20 سم. |
||
| 336 |
_2rdacontent _aنص _btxt |
||
| 337 |
_2rdamedia _aبدون وسيط _bn |
||
| 338 |
_2rdacarrier _aمجلد _bnc |
||
| 490 | 0 |
_aمكتبة الأسرة. _aإبداع المرأة |
|
| 650 | 7 |
_98244 _aالقصص الاجتماعية _zمصر _yقرن 20. _2BUEsh |
|
| 651 | _2BUEsh | ||
| 653 |
_bARALIT _cFebruary2021 |
||
| 655 |
_vReading book _934232 |
||
| 942 |
_2ddc _cBB |
||